000 00580nam a2200241Ia 4500
003 OSt
005 20220924145532.0
006 a|||||r|||| 00| 0
007 ta
008 220923b |||||||| |||| 00| 0 tel d
020 _c17.50
024 _a329185
037 _cTextual
040 _aARTS
_cARTS
_btel
041 _2tel
_atel
082 _aNR21xL67, 35M0
100 _aJavaleelu
_9219986
245 0 _aParthasarathi
260 _c1980
650 _aMUSIC
_917402
942 _hNR21xL67, 35M0
_cTEXL
_2CC
999 _c460400
_d460400